Statystyki dla Wszystkie gry LEGO!

Kliknij tutaj aby rozwiązać quiz!

Ogólne statystyki

  • Ten quiz został rozwiązany 36 razy
  • Średni wynik to 6 z 43

Statystyki odpowiedzi

Rok wydaniaGRA LEGO% Poprawnych
2013MARVEL SUPER HEROES
50%
2014THE HOBBIT
50%
2011PIRACI Z KARAIBÓW
46%
2012THE LORD OF THE RINGS WŁADCA PIERŚCIENI
43%
2017MARVEL SUPER HEROES 2
39%
2010HARRY POTTER LATA 1 - 4
32%
2011HARRY POTTER LATA 5 - 7
32%
2016MARVEL AVENGERS
29%
2022STAR WARS THE SKYWALKER SAGA
29%
2018INIEMAMOCNI
25%
2007STAR WARS THE COMPLETE SAGA
25%
2014PRZYGODA GRA WIDEO
21%
2014BATMAN 3 POZA GOTHAM
18%
2019PRZYGODA 2 GRA WIDEO
18%
2017WORLDS
18%
2008BATMAN THE VIDEOGAME
14%
2012BATMAN 2 DC SUPER HEROES
11%
2015DIMENSIONS
11%
2015JURASSIC WORLD
11%
2018DC SUPER VILLIANS
7%
2008INDIANA JONES THE ORIGINAL ADVENTURES
7%
2006BIONICLE HEROES
4%
2013CITY TAJNY AGENT
4%
2016GWIEZDNE WOJNY PRZEBUDZENIE MOCY
4%
2009INDIANA JONES 2 THE ADVENTURE CONTINUES
4%
2006STAR WARS 2 THE ORIGINAL TRILOGY
4%
2011STAR WARS 3 THE CLONE WARS
4%
2005STAR WARS THE VIDEO GAME
4%
2009BATTLES
0%
2011BATTLES NINJAGO
0%
2013CITY UNDERCOVER THE CHASE BEGINS
0%
2011CREATIONARY
0%
2007DIGITAL DESIGNER
0%
2013FRIENDS
0%
2013LEGENDS OF CHIMA ONLINE
0%
2013LEGENDS OF CHIMA SPEEDORZ
0%
2013LEGENDS OF CHIMA WYPRAWA LAVALA
0%
2014MINIFIGURES ONLINE
0%
2017NINJAGO MOVIE VIDEOGAME
0%
2014NINJAGO NINDROIDS
0%
2013NINJAGO THE FINAL BATTLE
0%
2009ROCK BAND
0%
2010UNIVERSE
0%

Rozkład punktacji

Percentyl według liczby udzielonych odpowiedzi

Procent ludzi z każdym wynikiem

Twoja historia wyników

Nie rozwiązałeś tego quizu